000 00704nam a2200229 a 4500
001 20181
003 CO-ViMGA
008 141112s2004 ck r 000 u spa d
020 _a9706077308
040 _aCO-ViMGA
_bspa
_cCO-ViMGA
082 0 4 _aI 808.31 G176
100 1 _aBusquets, Carlos, il.
_93205
245 1 0 _aEl Gato con Botas
260 _aMexico :
_bEdiciones Hemma,
_c1998
300 _a16 p.
490 0 _aLos cuentos que me ayudan a crecer
500 _ade 4 a 6 años.
590 _aForma de adquisición : Donacion temas y libros, 2005 - - Precio :
_6.500
650 1 4 _aCUENTOS INFANTILES - APRENDIZAJE
_93206
650 1 4 _aCUENTOS INFANTILES CON ACTIVIDADES
_93207
942 _2ddc
_cBK
999 _c9799
_d9799